海南省小测验-Hainan Province Quiz - Statistics

General Stats
  • This quiz has been taken 25 times
  • The average score is 12 of 20
Answer Stats
提示 答案 % Correct
省会城市 海口市
100%
除上一题外的3个地级市 三亚市
100%
除上一题外的3个地级市 儋州市
100%
除上一题外的3个地级市 三沙市
95%
主要少数民族 黎族
91%
海南岛通过这个海峡与广东省相望 {琼州}海峡
86%
中国最南端的领土 立地暗沙
86%
这位北宋文学家被视为儋州文化的开拓者 苏轼
77%
主要的汉方言大类 闽语
73%
这个企业是中国最大的天然植物蛋白饮料生产企业 椰树
68%
海南在这一年建省 1988
68%
海南“四大名菜”之首 文昌鸡
55%
这个国际组织总部位于海南琼海 博鳌亚洲论坛
50%
海南环岛高速的编号是 G{98}
50%
最大的河流 南渡江
27%
土地革命时期在海南建立的革命根据地 {琼崖}革命根据地
27%
五指山市因境内有五指山而改为此名,它的原名是 通什市
23%
这位女性革命家的祖籍位于海南文昌 宋庆龄
23%
她被称为“巾帼英雄第一人” 冼英 (冼夫人)
14%
海南省花 三角梅
5%
No matching quizzes found
Score Distribution
Percent of People with Each Score
Percentile by Number Answered
Your Score History
You have not taken this quiz